Statystyki dla ZNANE POSTACIE Z BAJKI „MUMINKI”:

Kliknij tutaj aby rozwiązać quiz!

Ogólne statystyki

  • Ten quiz został rozwiązany 218 razy
  • Średni wynik to 4 z 5

Statystyki odpowiedzi

Odpowiedź% Poprawnych
MAŁA MI
90%
MUMINEK
90%
WŁÓCZYKIJ
83%
BUKA
69%
MIGOTKA
63%

Rozkład punktacji

Percentyl według liczby udzielonych odpowiedzi

Procent ludzi z każdym wynikiem

Twoja historia wyników

Nie rozwiązałeś tego quizu